Normal view
MARC view
- Criminal procedure
Entry Topical Term
001 - CONTROL NUMBER
- control field: 128925
003 - CONTROL NUMBER IDENTIFIER
- control field: NUST
005 - DATE AND TIME OF LATEST TRANSACTION
- control field: 20250512094020.0
008 - FIXED-LENGTH DATA ELEMENTS
- fixed length control field: 250512|| aca||aabn | a|a d
040 ## - CATALOGING SOURCE
- Original cataloging agency: NUST
- Transcribing agency: NUST
150 ## - HEADING--TOPICAL TERM
- Topical term or geographic name entry element: Criminal procedure
- Geographic subdivision: United States
670 ## - SOURCE DATA FOUND
- Source citation: Work cat.: (NUST)0: Ferdico, John N., author. 128924, Criminal procedure for the criminal justice professional /
